000 00776nam a2200205Ii 4500
003 JO-AjNU
008 230605s9999||||xx |||||||||||||| ||und||
040 _aJO-AjNU
_bara
_erda
_cJO-AjNU
041 _aara
050 1 4 _aHF5548.32
100 3 _aاعداد عبدالسلام،ابراهيم,
_eauthor
_944633
245 0 0 _aالتجارة والاعمال الالكترونية
264 3 1 _aالاسكندرية:ماهي لخدمات الكمبيوتر
300 _a186ص
_bيحتوي على ببلوغرافية من ص183-186ص
336 _atext
_btxt
_2rdacontent
337 _aunmediated
_bn
_2rdamedia
338 _avolume
_bnc
_2rdacarrier
490 0 _aالموسوعة العلمية التعليمية
650 4 _aالتجارة الالكترونية
_944634
999 _aA19286
_c22854
_d22854